[Event "Cappelle op 28th"]
[Site "Cappelle la Grande"]
[Date "2012.03.07"]
[Round "4"]
[White "Sanikidze, Tornike"]
[Black "Harikrishna, Pentala"]
[Result "0-1"]
[WhiteElo "2549"]
[BlackElo "2678"]
[Annotator "Ramirez Alvarez,A"]
[PlyCount "128"]
[EventDate "2012.03.03"]
[EventType "swiss"]
[EventRounds "9"]
[EventCountry "FRA"]
[SourceTitle "CBM 147 Extra"]
[Source "ChessBase"]
[SourceDate "2012.04.24"]
[SourceVersion "1"]
[SourceVersionDate "2012.04.24"]
[SourceQuality "1"]

{This game exemplified the fighting spirit of the tournament. Being only round
four, both players try their hardest to squeeze something out of a surely
drawn position. At the end, a fatal mistake by the young Georgian allows
Pentala to pick up the full point. It's important to recognize Tornike's
constant energy through the tournament, he rebounded nicely to finish in a tie
for first with 7.0/9.} 1. d4 Nf6 2. c4 e6 3. Nf3 d5 4. Nc3 Bb4 5. cxd5 exd5 6.
Bg5 Qd6 $5 {A relatively rare move in one of modern chess' Tabiyas. No deep
book this game, just chess.} 7. Nd2 c6 8. e3 Bf5 9. Qb3 Nbd7 10. a3 Bxc3 11.
bxc3 b6 12. c4 O-O 13. Bf4 $1 Qe6 14. Be2 c5 15. Nf3 {White's pair of bishops
guarantee him a pull. The central tension cannot be easily relieved by black,
who now commits a serious innacuracy.} Bg4 16. Ng5 $1 {A difficult move to
play in my opinion, as White seems to lose one of his main assets: the bishops.
However, Tornike has seen further and sees the advantage.} Qe7 (16... dxc4 17.
Nxe6 cxb3 18. Nxf8 Rxf8 19. Bxg4 Nxg4 $13 {is very hard to evaluate. Do the
pawns compensate the lost exchange? White cannot be worse though.}) 17. Bxg4
Nxg4 18. Qd3 $1 {An important double "attack". In fact the queen is now
defending d4, which was hanging due to the pin.} Ngf6 19. cxd5 cxd4 20. Qxd4 $6
{Allowing Black back in the game.} (20. d6 Qe8 21. Qxd4 h6 22. Nf3 $14 {
And White is far from winning: His pawn is weak and he is somewhat
underdeveloped, but he has all the winning cards.}) 20... Qc5 $1 {A fantastic
and strong move which the Georgian must have underestimated. This allows Black
to recover the d pawn and equalize.} 21. Qxc5 Nxc5 22. Rd1 Rad8 23. d6 Nh5 24.
Bg3 f6 25. Nf3 Nxg3 26. hxg3 Ne4 27. Rh4 Rfe8 28. a4 Rxd6 {The d-pawn falls,
and the endgame is drawish. But, watch and learn that drawish never means
drawn.} 29. Rxd6 Nxd6 30. Rd4 Rd8 31. g4 h6 32. Ke2 Kf7 33. Kd3 Ke7 34. Nh4 g5
35. Nf3 {Both players are going for the win. White had an easy draw with Nf5+}
Rc8 36. Rd5 Nc4 37. Ke4 Nd6+ 38. Kd3 Rc1 {Now it is Pentala's turn to decline
the tacit draw offer. He senses that the last few moves by White have been
somewhat inaccurate and now attempts to push.} 39. Nd4 Ra1 40. Nc6+ Ke6 41. Rd4
a5 42. Ke2 Rc1 43. Na7 Rc2+ 44. Kf3 Rc4 45. Ke2 Rxd4 46. exd4 Kd5 47. Kd3 Ne4
48. f3 Nd6 49. Kc3 f5 50. gxf5 Nxf5 51. Nc8 Kc6 52. g4 Nh4 53. Ne7+ Kd6 {
So far, the game has been very tense. White can now draw with the simple Ng8,
picking up the pawn on h6. However he plays for more, and hallucinates.} 54.
Nf5+ $4 {A blunder probably due to pressure, tiredness and a whole series of
factors. Harikrishna, of course, does not forgive.} Nxf5 55. gxf5 h5 56. Kd2 h4
57. Ke2 h3 58. Kf2 h2 59. Kg2 b5 $1 {Tornike must've forgotten that Black
queen's with check at the end.} 60. axb5 a4 61. b6 a3 62. b7 Kc7 63. f6 a2 64.
f7 {White's pawns are close to home. But alas, not close enough.} h1=Q+ {
Fighting chess to its max! I'd like to point out that Grandmaster Lysyj had
two games go over 80 moves, which sounds like a lot until you realize he had a
third game go over 120!} 0-1

[Event "Olympiad-37"]
[Site "Turin"]
[Date "2006.05.27"]
[Round "6"]
[White "Abdulla, Al Rakib"]
[Black "Maki Uuro, Miika"]
[Result "1-0"]
[WhiteElo "2484"]
[BlackElo "2407"]
[Annotator "Reeh,O"]
[PlyCount "53"]
[EventDate "2006.05.21"]
[EventType "team-swiss"]
[EventRounds "13"]
[EventCountry "ITA"]
[SourceTitle "CBM 113"]
[Source "ChessBase"]
[SourceDate "2006.07.31"]
[SourceVersion "1"]
[SourceVersionDate "2006.07.31"]
[SourceQuality "1"]
[WhiteTeam "Bangladesh"]
[BlackTeam "Finland"]
[WhiteTeamCountry "BAN"]
[BlackTeamCountry "FIN"]

1. d4 e6 2. Nf3 Nf6 3. c4 d5 4. Nc3 Bb4 5. Qa4+ Nc6 6. e3 O-O 7. Bd2 dxc4 8.
Bxc4 a6 9. a3 Bd6 10. Ng5 {Very committal - White starts an attack without
being completely developed. Sehr verpflichtend - Weiß startet einen Angiff,
ohne vollständig entwickelt zu sein.} Nd7 $2 {Very time-consuming. Sehr
zeitaufwändig.} (10... h6 {looks best here, challenging the knight g5
immediately. sieht hier am besten aus, um den Springer g5 sofort zu befragen.})
11. Nce4 Be7 (11... Nb6 {would not be good, since after wäre nicht so gut,
denn nach} 12. Qc2 {White threatens 13.Nf6+ followed by 14.Qxh7 mate. droht
Weiß 13.Sf6+ nebst 14.Dxh7 matt.}) (11... h6) 12. h4 h6 {Does White have to
retreat his knight now? Muss Weiß jetzt seinen Springer zurückziehen?} ({Auf} 
12... Nb6 {folgt wieder.} 13. Qc2 {again.}) 13. Qc2 $1 {Of course not! The
opening of the h-file is definitely worth a piece. Natürlich nicht! Die
Öffnung der h-Linie ist definitiv eine Figur wert!} hxg5 14. hxg5 Re8 ({
Also after Auch nach} 14... g6 15. f4 {White's attack is very strong. Note
that Black can't start immediate counterplay in the centre. ist der weiße
Angriff sehr stark. Schwarz ist nicht in der Lage, sofort Gegenspiel im
Zentrum aufzuziehen.}) 15. f4 {Strengthening White's grip on the position.
Weiß hat die Stellung fest im Griff.} (15. g6 Nb6 {would not be so clear. wäre
nicht so klar.}) 15... Nf8 $2 {This loses quickly, but a good defence was
already hard to find. Dies verliert schnell, doch guter Rat war bereits teuer.}
(15... g6 16. Bc3 $1 {threating d4-d5. mit der Drohung d4-d5.}) (15... Nb6 16.
Bb3 {and White's attack develops swiftly. und der weiße Angriff spielt sich
wie von selbst.}) 16. Qd1 $1 {The square h5 ist very attractive. Das Feld h5
winkt.} Ng6 (16... g6 17. Qg4 {and the queen reaches the h-file anyway, with
devastating effect. und die Dame erreicht die h-Linie trotzdem, mit
Vernichtung.}) 17. Qh5 Bd6 {[%tqu "En","What's the most energetic attacking
continuation for White?","White needs to open more lines.","If the pawn on e6
were removed, the knight on g6 could be taken by the white queen.","f4f5",
"Uprooting the knight g6!",10,"De","Wie lautet die energischste
Angriffsfortsetzung für Weiß?","Weiß muss noch weitere Linien öffnen.","Wenn
der Bauer e6 nicht da wäre, könnte die weiße Dame den Springer g6 schlagen...",
"f4f5","Entwurzelt den Springer auf g6!",10]} 18. f5 $1 {Opening the diagonale
c4-g8 with decisive effect. Öffnet mit entscheidender Wirkung die Diagonale
c4-g8.} exf5 19. Qxg6 {The pawn on f7 is pinned! Der Bauer f7 ist ja gefesselt!
} Be6 20. Bxe6 Rxe6 21. Nf6+ $1 Rxf6 22. Qh7+ Kf8 23. gxf6 Bg3+ 24. Kd1 gxf6
25. Qxf5 Ke7 26. Qe4+ Kd6 27. Rh5 1-0

[Event "Gibraltar Masters 9th"]
[Site "Caleta"]
[Date "2011.01.25"]
[Round "1"]
[White "Onischuk, Alexander"]
[Black "Gaponenko, Inna"]
[Result "1-0"]
[WhiteElo "2689"]
[BlackElo "2466"]
[Annotator "Reeh,O"]
[PlyCount "59"]
[EventDate "2011.01.25"]
[EventType "swiss"]
[EventRounds "10"]
[EventCountry "GGB"]
[SourceTitle "CBM 141"]
[Source "ChessBase"]
[SourceDate "2011.03.17"]
[SourceVersion "1"]
[SourceVersionDate "2011.03.17"]
[SourceQuality "1"]

1. d4 Nf6 2. c4 e6 3. Nf3 d5 4. Nc3 Bb4 5. Bg5 Nbd7 6. cxd5 exd5 7. e3 c5 8.
Be2 Qa5 9. O-O Bxc3 10. bxc3 c4 11. Nd2 Qxc3 12. e4 h6 13. Be3 O-O 14. e5 Ne8
15. Rc1 Qa3 16. Nb1 $1 Qe7 17. Nc3 Nc7 18. Rb1 Rb8 19. f4 b5 ({The attempt to
block the centre with Der Versuch, das Zentrum mit} 19... f5 {fails to zu
blockieren, scheitert an} {[%tqu "En","Black has countered White's advance
f2-f4 with f7-f5. How do you react?","The advance f7-f5 has weakened which
diagonal?  The complete annihilation of Black's centre is definitely worth an
exchange.","","c3d5","Completely destroying Black's centre.",15,"De","Schwarz
hat den weißen Vorstoß f2-f4 mit f7-f5 gekontert. Wie reagieren Sie?","Der
Vorstoß f7-f5 hat welche Diagonale geschwächt?  Die komplette Vernichtung des
schwarzen Zentrum ist definitv eine Qualität wert.","","c3d5","Nimmt das
schwarze Zentrum komplett auseinander.",15]} 20. Nxd5 $1 Nxd5 21. Bxc4 N7b6 (
21... Qf7 22. Qf3 Nxe5 23. dxe5 Be6 24. Bxa7) 22. Rxb6 $1 axb6 23. Bxd5+ {
with overwhelming compensation for the exchange. mit überwältigender
Kompensation für die Qualität.}) 20. f5 b4 21. Na4 Nb5 22. Bf4 Nb6 23. f6 $1
Qe8 24. fxg7 Kxg7 25. Bxh6+ $1 {Exposing Black's king completely while
enabling the white queen to enter the attack with tempo. Entblößt den
schwarzen König komplett und ermöglicht der weißen Dame, mit Tempo in den
Angriff einzugreifen.} Kxh6 26. Qd2+ Kh7 (26... Kg7 27. Qg5+ Kh8 28. Rf4 {
and mate with 29.Rh4++. und Matt mit 29.Rh4++.}) {[%tqu "En","What now?","","",
"f1f6","The point - the square h6 cannot be defended.",5,"De","Was nun?","","",
"f1f6","Die Pointe - das Feld h6 ist nicht zu verteidigen.",5]} 27. Rf6 $1 {
The point - the square h6 cannot be defended. Die Pointe - das Feld h6 ist
nicht zu verteidigen.} Bf5 28. Qh6+ Kg8 29. Rxf5 f6 30. exf6 1-0

[Event "Groningen Festival"]
[Site "Groningen"]
[Date "1998.12.30"]
[Round "10"]
[White "Piket, Jeroen"]
[Black "Milov, Vadim"]
[Result "1/2-1/2"]
[WhiteElo "2605"]
[BlackElo "2640"]
[Annotator "Ribli,Z"]
[PlyCount "103"]
[EventDate "1998.12.20"]
[EventType "tourn"]
[EventRounds "10"]
[EventCountry "NED"]
[EventCategory "16"]
[SourceTitle "CBM 069"]
[Source "ChessBase"]
[SourceDate "1999.04.01"]
[SourceVersion "1"]
[SourceVersionDate "1999.04.01"]
[SourceQuality "1"]

1. d4 {Milov,V} Nf6 2. Nf3 d5 3. c4 e6 4. Nc3 Nbd7 {Eine interessante Zugfolge.
Schwarz entwickelt zuerst den Springer und kann später 5...Bb4 oder 6...Bb4
spielen. Er vermeidet so z.B.die Variante 4...Bb4 5.Qa4+. Ribli.} 5. cxd5 (5.
Bf4 $5 Bb4 (5... dxc4 6. e4 (6. e3 Nd5 7. Bxc4 Nxf4 8. exf4 $14) 6... Nb6 7.
Bxc4 Nxc4 8. Qa4+ $14) 6. cxd5 Nxd5 7. Bd2 N7f6 8. Qc2 $1 $14 (8. a3 Nxc3 9.
bxc3 Ba5 $11)) 5... exd5 6. Bg5 Bb4 {Mit Zugumstellung wir haben die
Hauptvariante der Ragozin-Verteidigung erreicht.} 7. e3 c5 8. Bd3 Qa5 9. Qc2 c4
10. Bf5 {Dieser Plan wurde seinerzeit von Aljechin empfohlen. Weiß hat
Übergewicht im Zentrum, Während Schwarz um die Kontrolle des Feldes e4 kämpfen
muß.} O-O 11. O-O Re8 (11... Bxc3 12. bxc3 Re8 13. Rfb1 g6 14. Bxf6 Nxf6 15.
Bxc8 Raxc8 16. Rxb7 Ne4 17. Rb4 Qa3 18. Ra4 Qxc3 19. Qxc3 Nxc3 20. Rxa7 Ra8 21.
Rxa8 Rxa8 22. a3 Nb5 23. a4 Ra5 $13 {1-0 Mirnic,M-Golubovic,B/Pula 1993/EXT 99
(37)}) 12. Rfb1 $146 {[#]Es ist klar, daß Schwarz früher oder später ...Bxc3
spielen muß und in diesem Fall wird der Turm auf b1 aktiv. Anderseits hat Weiß
aber zu viele Figuren am Damenflügel, denn strategisch muß er mit späterem
e3-e4 im Zentrum spielen.} g6 13. Bxd7 (13. Bh3 Bxc3 14. bxc3 Ne4 $132 {
[%csl Ge4]}) 13... Nxd7 14. a3 Bxc3 (14... Bf8 15. e4 $14) 15. bxc3 {[%cal
Gb1b7]} (15. Qxc3 Qxc3 16. bxc3 b6 $11) 15... Qa6 $11 {[%cal Ga6e6,Gd7f6,Gf6e4]
'!' Milov,V. Schwarz bereitet das traditionelle Springermanöver ...Nd7-f6-e4
vor. Der andere Plan mit 15...Nb6 ist auch interessant.} (15... Nb6 $5 {
[%cal Gb6a4,Rc8f5,Rf5b1]} 16. Rb4 Bf5 17. Qd2 $11 (17. Qb2 Na4 (17... Re6)))
16. a4 {[%cal Gb1b5] Weiß verhindert den Blockade des Damenflügels und
entfaltet etwas Aktivität in der b-Linie.} Nf6 {[%csl Ye4][%cal Gf6e4,Rc8f5,
Rf5b1] '=' Milov,V.} (16... Nb6 $6 17. a5 $16) 17. Rb4 (17. Rb5 {Milov,V} Bd7)
17... Ne4 (17... Bf5 18. Qb2 {[%csl Rb7][%cal Rb2b7]}) 18. Bf4 Qf6 {Schwarz
möchte die Entwicklung des Damenflügels beenden, aber nach sofortigem 18...b6
stände die Dame auf a6 schlecht.} (18... Bf5 $6 19. Nh4 (19. Qb2) 19... Be6 20.
f3 $36) 19. Be5 (19. Rb5 $5 {Milov,V} g5 20. Be5 Qf5 (20... Qc6 21. Nd2) 21. h3
f6 22. Bh2 b6 $11) 19... Qc6 {[%csl Ge4] Wir haben eine typische
"Ragozin-Stellung". Weiß kontrolliert die schwarzen und Schwarz die weißen
Felder.} 20. a5 {'?!' Milov,V.} (20. Nd2 $11 {Milov,V}) 20... f6 {'=/+' Milov,
V.} 21. Bg3 (21. Bf4 {Milov,V} g5) 21... b5 $1 22. axb6 (22. Nd2 Nxg3 (22...
Bf5) 23. hxg3 Bf5 24. Qd1 a6 $15) 22... axb6 23. Rxa8 (23. Rab1 $2 Nxg3 24.
Rxb6 Qc7 25. hxg3 Bf5 $17 {[%cal Rf5b1]}) 23... Qxa8 24. Qb2 {[%csl Rb6] '?!'
Milov,V.} (24. Rxb6 Qa1+ $132 {[%cal Ra1g1,Ra1c3]} (24... Qa1+ {Milov,V} 25.
Rb1 Qa3 $1 $15 (25... Qxc3 26. Qa4 $13) 26. Rc1 $140 Bf5)) 24... b5 {'-/+!'
Milov,V.} 25. Ne1 (25. Rxb5 Qa4 {[%cal Ra4d1,Gd1g1]} 26. h3 Nxc3 $15) 25... Bd7
{Schwarz hat seinen b-Bauern verteidigt und der e4-Springer, sowie die aktive
Dame in der a-Linie bieten ihm mindestens gleiche Chancen.} 26. Nc2 Qa6 $15 {
[%cal Ge8a8,Ga8a2]} (26... h5 {Milov,V} 27. f3 (27. Na3 Qa6 28. Nxb5 Ra8 29. h3
Qa1+ $17) 27... Nxg3 28. hxg3 Qb8 29. Kf2 h4 30. gxh4 Qh2 31. h5 Qxh5 32. Qc1
$13) 27. f3 Nd2 (27... Nxg3 28. hxg3 Bf5 $5 $15 (28... Bf5 {Milov,V} 29. Na3
Rxe3 30. Rxb5 Qd6 $15)) 28. Be1 Nb3 {[%csl Gb3]} 29. Rxb3 $5 {Weiß opfert die
Qualität und bekommt einen guten Springervorposten auf b4.} cxb3 30. Qxb3 Qc6 {
'?' Milov,V.} (30... Qe6) (30... Be6 {Milov,V} 31. Qb2 Qa4 $17) 31. Nb4 {
[%csl Gb4,Rd5]} Qc4 32. Qxc4 dxc4 33. e4 $44 {[%csl Gb4,Gd4,Ge1,Ge4] '=/+'
Milov,V. Die weißen Zentrumsbauern sind stark und es ist nicht leicht für
Schwarz, voranzukommen.} Ra8 {[%cal Ga8a1,Ga1g1]} 34. g4 {Weiß gewinnt Raum am
Königsflügel und aktiviert seine Bauern.} Ra1 {[%csl Ga1] Der schwarze Turm
steht wirklich aktiv, kann aber allein nichts erreichen.} 35. Kf2 Kf7 36. Ke2 {
[%cal Ge1g3,Gg3b8] Der Läufer strebt nach g3 und der König kann die einzige
weiße Schwäche, den Bauern c3, verteidigen.} h5 (36... g5 $5 {(Milov,V) Piket})
37. gxh5 gxh5 38. d5 Rb1 (38... Bh3 {Milov,V} 39. Bg3) 39. Bg3 Bh3 40. f4 {
[%csl Gd5,Ge4,Gf4] Die weiße Bauernmasse wirkt gefäehrlich.} Bg4+ (40... Bg2
41. e5) 41. Ke3 Rf1 {[%csl Gf1][%cal Gf1f3,Gf3e3]} 42. e5 Rf3+ 43. Kd4 h4 $5 {
Mit diesem Zug gewinnt Schwarz einen Bauern und bringt die weißen Bauern zum
Stillstand.} 44. Bxh4 (44. e6+ {Milov,V} Ke7 (44... Bxe6 45. dxe6+ Kxe6 46. Ke4
Rxc3 47. f5+ Kf7 48. Bxh4 $11) 45. Bxh4 Rxf4+ 46. Ke3 Rf3+ 47. Ke4 Rxc3 48.
Nc6+ Kd6 49. Bxf6 Bf3+ 50. Kf4 Rd3 51. Ne5 Rxd5 52. Nxf3 Kxe6 53. Ke4 $11)
44... Rxf4+ 45. Kc5 fxe5 {Jetzt hat Schwarz eine klare Mehrqualität, aber das
aktive weiße Figurenspiel reicht zum Ausgleich aus.} 46. Bg3 (46. Nc6 $11 {
Milov,V}) 46... Rf5 (46... Re4 47. Nc6 $11) 47. Nc6 {[%csl Re5][%cal Rc6e5,
Re5f7,Re5g4]} Kf6 (47... e4 48. Ne5+ {[%cal Re5f7,Re5g4]} Rxe5 49. Bxe5 $11)
48. Kxb5 e4 (48... Be2 {Milov,V}) 49. Kxc4 e3 50. Nd4 {[%cal Rd4f5]} (50. Bh4+
Kf7 (50... Kg7) 51. Kd4 $11 {[%csl Re3][%cal Rc6e5,Re5f7,Re5g4]}) 50... Rf1 51.
Kd3 e2 {Schwarz hat nichts besseres. Er muß seinen letzten Bauern geben und
die Stellung vereinfachen.} 52. Nxe2 {Und in gleicher Stellung wurde hier
Remis vereinbart.} (52. Nxe2 Rd1+ 53. Ke3 Rxd5 $11 (53... Bxe2 54. Kxe2 Rxd5
$11 {[%mdl 40]})) 1/2-1/2

[Event "Bundesliga 0506"]
[Site "Germany"]
[Date "2006.01.29"]
[Round "9.2"]
[White "Rustemov, Alexander"]
[Black "Vallejo Pons, Francisco"]
[Result "0-1"]
[WhiteElo "2564"]
[BlackElo "2681"]
[Annotator "Ribli,Z"]
[PlyCount "126"]
[EventDate "2005.10.21"]
[EventType "team-tourn"]
[EventRounds "15"]
[EventCountry "GER"]
[SourceTitle "CBM 111"]
[Source "ChessBase"]
[SourceDate "2006.04.04"]
[SourceVersion "1"]
[SourceVersionDate "2006.04.04"]
[SourceQuality "1"]
[WhiteTeam "Wattenscheid"]
[BlackTeam "Baden-Baden"]
[WhiteTeamCountry "GER"]
[BlackTeamCountry "GER"]

1. d4 Nf6 2. c4 e6 3. Nf3 d5 4. Nc3 Bb4 5. cxd5 exd5 6. Qa4+ {Die
Hauptfortsetzung ist 6.Bg5.} Nc6 7. Bg5 h6 8. Bxf6 Qxf6 9. e3 O-O 10. Be2 Be6
11. O-O a6 12. Rfc1 {Weiß bringt seinen Königsturm ins Spiel, um seinen
Angriff am Damenflügel zu verstärken.} Bd6 13. Qd1 Ne7 {Schwarz muss früher
oder später seine Springerstellung verbessern.} (13... Rae8 $5 14. Na4 Nd8 15.
Nc5 Bc8 16. Nd3 Ne6 17. Nfe5 c5 $5 {1/2-1/2 Portisch,L-Sosonko,G/Wijk aan Zee
1975/(40)}) 14. Na4 (14. Rab1 $5 Rad8 15. b4 c6 16. Na4 {[%cal Ga4c5]} Bc8 17.
Nc5 g5 18. a4 $14 {[%cal Gb4b5]} b5 {[%csl Gc5]} (18... g4 19. Ne1 h5 20. b5
$14) 19. Nd3 {[%cal Gf3e5] 1-0 Arencibia,W-Jobava,B/Havana 2005/CBM 107/[Ribli]
(50)}) 14... c6 (14... b6 15. Nc3 Rfc8 16. Qf1 b5 17. a4 b4 18. Nb1 c5 19. Bxa6
Rc7 20. dxc5 Rxc5 21. Rxc5 Bxc5 22. Nbd2 Qxb2 23. Rb1 Qa2 24. Ra1 Qb2 25. Rb1
Qa2 26. Ra1 {1/2-1/2 Gustafsson,J-Sargissian,G/Wattenscheid 2005/(26)}) 15. Nc5
(15. a3 Nf5 16. Nc5 Bc8 17. b4 g5 18. Nd3 g4 19. Nfe1 h5 20. g3 Ng7 21. Ng2 Bf5
22. Nc5 Qe7 23. Bd3 {1/2-1/2 Bakharev,A-Horvath,P/Halkidiki 2000/(34)}) 15...
Bxc5 16. Rxc5 Bg4 17. b4 {Weiß startet einen Minoritätsangriff am Damenflügel.}
(17. Ne5 Bxe2 18. Qxe2 Qe6 19. Rc2 Nc8 {'1/2-1/2 Timman,J-Izoria,Z/Calvia olm
2004}) 17... Nf5 {[%cal Gf5d6]} 18. a4 Nd6 {[%csl Gd6][%cal Gd6c4,Gd6e4,Gd6b5]
Der Springer steht ideal auf d6, denn er kontrolliert alle wichtigen Punkten 
(b5,c4 und e4).} 19. Rac1 Bxf3 $1 20. Bxf3 Rfd8 (20... Nc4 21. b5) 21. Qe1 Nc4
{[%cal Rb7b6,Rb6c5]} 22. b5 (22. Be2 b6 23. R5xc4 dxc4 24. Bxc4 $15) (22. a5) (
22. Qc3 b6 $6 23. Rxc4 dxc4 24. Qxc4) 22... Nb2 $1 $36 {[%csl Gb2][%cal Rb2d3,
Rd3c1,Rd3e1,Rd3c5,Rb2a4][%mdl 64] Der Springer steht aktiv auf b2 und Schwarz
gewinnt Material.} 23. bxc6 Nd3 24. c7 (24. Qc3 Nxc5 25. Qxc5 (25. c7 Rd6 26.
Qxc5 Rc6 27. Qa3 (27. Qxc6 bxc6 28. Bg4 Qd6 29. c8=Q+ Rxc8 30. Bxc8 Qa3 $19)
27... Rc8 $17) 25... bxc6 26. Qxc6 Qf5 $17 (26... Qxc6 27. Rxc6)) 24... Nxe1 (
24... Rdc8 $2 25. Qc3 Nxc5 26. Qxc5 $16) 25. cxd8=Q+ Rxd8 26. Rxe1 b6 27. Rc3 (
27. Rxd5 Rxd5 28. Bxd5 Qf5 $1 (28... Qd6 29. Bb3 Kf8 $15) 29. e4 (29. Bb3 Qd3
$17) 29... Qc8 $19 {[%cal Rc8c3]}) 27... Rd6 $15 {[%mdl 4096] Weiß hat nur R
und B gegen die schwarze Q, aber seine Stellung ist fest, somit ist die
technische Verwertung des Materialsvorteils ist nicht leicht.} 28. Rec1 g6 29.
Be2 a5 30. Bb5 {[%csl Gb5][%cal Gc1c8] Weiß kontrolliert die c-Linie und sein
Läufer steht sicher auf b5.} h5 31. Rc7 Qf5 32. Re7 {[%csl Gf5][%cal Gd6f6,
Gf6f2]} (32. R1c2 Kg7 $15) 32... Rf6 33. Rf1 Qc2 $17 {[%csl Gc2] Die Dame ist
gut auf c2 positioniert.} 34. h4 Kg7 35. g3 Rf5 36. Kg2 Kf8 37. Re8+ Kg7 38.
Re7 Kh6 39. Re8 Kh7 40. Re7 Kg7 41. Re8 Rf6 42. Re7 g5 $1 {Schwarz muss die
Linien öffnen, da er sonst keine Gewinnchanchen besitzt.} 43. hxg5 Rf5 44. Re5
$2 (44. Re8 $142 Rxg5 45. Rh1 Rf5 46. Rf1) 44... Rxe5 45. dxe5 Qe4+ 46. Kg1 h4
$1 {Schwarz opfert temporär einen Bauern, um die weiße Königsstellung zu
öffnen.} 47. gxh4 (47. Kh2 Qxe5 48. Rg1 Kf8 $17 (48... Qxg5 $4 49. gxh4 $18))
47... Qg4+ 48. Kh2 Qxh4+ 49. Kg2 Qg4+ (49... Qxg5+) 50. Kh2 Qh4+ 51. Kg2 Qxg5+
52. Kf3 Qf5+ 53. Kg2 Qe4+ 54. Kg3 Qxe5+ 55. Kf3 Qe4+ 56. Ke2 (56. Kg3 f5 $19)
56... Qc2+ 57. Kf3 f5 $19 {Mit Dame und Bauern gegen Turm und Läufer gewinnt
Schwarz leicht.} 58. Rg1+ Kf7 59. Rg5 Qe4+ 60. Kg3 d4 61. exd4 Kf6 {[%csl Rg5]}
62. f4 (62. Rg8 f4+ 63. Kg4 (63. Kh2 Qh7+) 63... Qg2+) 62... Qxd4 63. Rh5 (63.
Kf3 Qe4+ 64. Kg3 Qe3+ $19) 63... Qg1+ 0-1